Countries Without the Letters in "PHILIPPINES" - Statistics

General Stats
  • This quiz has been taken 13 times
    6 since last reset
  • The average score is 2 of 5
Answer Stats
Continents Countries % Correct
North America Cuba
100%
Asia Qatar
33%
South America Uruguay
33%
Africa Morocco
0%
Africa Togo
0%
No matching quizzes found
Score Distribution
Percent of People with Each Score
Percentile by Number Answered
Your Score History
You have not taken this quiz since the last reset